00914nam a2200217 a 4500001001000000003000500010005001700015008004100032010001100073011001100084040000900095100003400104245016800138260004100306500006000347502009800407650006000505650002800565650003300593856007000626000112237CHAP20220329144252.0160118s2015 mx a fsm |||||||spa d a108698 a109670 cCHAP1 aCruz Martínez, Gisela de la10aProducción de biomasa y valor nutritivo del follaje de arbóreas en un banco de proteína en Tabasco México/h[En línea]cpor Gisela de la Cruz Martínez. aChapingo, Méx. :bEl autor,c2015. aPara ver el contenido del material haga clic en la liga aTesis (Ing. Agr. Esp. en Zonas Tropicales) -- UACH. Unidad Regional Univerisitaria Sursureste14aAlimentos y alimentación del ganadoxValor nutritivo.14aLeguminosas forrajeras.14aPlantas forrajerasxTabasco. aFinding aiduhttp://10.13.5.2/tesis/sist112237.pdfzTeclea aquí